Governors of Connecticut by Picture - Statistics

General Stats
  • This quiz has been taken 8 times
    3 since last reset
  • The average score is 28 of 79
Answer Stats
Picture Hint Answer % Correct
1991-1995 Lowell Weicker
100%
1955-1961 Abraham Ribicoff
67%
2011-2019 Dannel Malloy
67%
1975-1980 Ella Grasso
67%
2019-Present Ned Lamont
67%
1850-1853 Thomas H. Seymour
67%
1903-1905 Abiram Chamberlain
33%
1857-1858 Alexander H. Holley
33%
1923-1925 Charles A. Templeton
33%
1879-1881 Charles B. Andrews
33%
1853-1854 Charles H. Pond
33%
1873-1877 Charles Roberts Ingersoll
33%
1946-1947 Charles Wilbert Snow
33%
1842-1844 Chauncey Fitch Cleveland
33%
1949-1951 Chester B. Bowles
33%
1847-1849 Clark Bissell
33%
1640-1641 | 1644-1645 | 1646-1647 | 1648-1649 | 1650-1651 | 1652-1653 | 1654-1655 Edward Hopkins
33%
1921-1923 Everett J. Lake
33%
1698-1707 Fitz-John Winthrop
33%
1658-1660 Francis Newman
33%
1909-1911 Frank B. Weeks
33%
1899-1901 George E. Lounsbury
33%
1909 George L. Lilley
33%
1901-1903 George P. McLean
33%
1827-1831 Gideon Tomlinson
33%
1708-1724 Gurdon Saltonstall
33%
1925 Harry Bingham III
33%
1885-1887 Henry Baldwin Harrison
33%
1854-1855 Henry Dutton
33%
1905-1907 Henry Roberts
33%
1833-1834 | 1835-1838 Henry W. Edwards
33%
1881-1883 Hobart B. Bigelow
33%
1846-1847 Isaac Toucey
33%
1948-1949 James C. Shannon
33%
1867-1869 | 1870-1871 James E. English
33%
1947-1948 James L. McConaughy
33%
2004-2011 Jodi Rell
33%
1812-1817 John Cotton Smith
33%
1951-1955 John Davis Lodge
33%
1995-2004 John G. Rowland
33%
1639-1640 | 1641-1642 | 1643-1644 | 1645-1646 | 1647-1648 | 1649-1650 | 1651-1652 | 1653-1654 John Haynes
33%
1925-1931 John H. Trumbull
33%
1961-1971 John N. Dempsey
33%
1831-1833 John Samuel Peters
33%
1809-1811 John Treadwell
33%
1635-1639 | 1657-1658 | 1659-1676 John Winthrop the Younger
33%
1741-1750 Jonathan Law
33%
1797-1809 Jonathan Trumbull Jr.
33%
1769-1784 Jonathan Trumbull Sr.
33%
1866-1867 Joseph R. Hawley
33%
1849-1850 Joseph Trumbull
33%
1897-1899 Lorrin A. Cooke
33%
1893-1895 Luzon B. Morris
33%
1915-1921 Marcus H. Holcomb
33%
1869-1870 | 1871-1873 Marshall Jewel
33%
1889-1893 Morgan Bulkeley
33%
1817-1827 Oliver Wolcott Jr.
33%
1796-1797 Oliver Wolcott Sr.
33%
1895-1897 Owen Vincent Coffin
33%
1887-1889 Phineas C. Lounsbury
33%
1939-1941 | 1943-1946 Raymond E. Baldwin
33%
1877-1879 Richard D. Hubbard
33%
1941-1943 Robert A. Hurley
33%
1683-1698 Robert Treat
33%
1844-1846 Roger Sherman Baldwin
33%
1907-1909 Rollin S. Woodruff
33%
1834-1835 Samuel A. Foot
33%
1786-1796 Samuel Huntington
33%
1911-1915 Simeon Eben Baldwin
33%
1639-1658 Theophilus Eaton
33%
1754-1766 Thomas Fitch
33%
1971-1975 Thomas Meskill
33%
1883-1885 Thomas M. Waller
33%
1931-1939 Wilbur Lucius Cross
33%
1858-1866 William Alfred Buckingham
33%
1980-1991 William A. O'Neill
33%
1855-1857 William T. Minor
33%
1838-1842 William W. Ellsworth
33%
George Wyllys 1642-1643
0%
No matching quizzes found
Score Distribution
Percent of People with Each Score
Percentile by Number Answered
Your Score History
You have not taken this quiz since the last reset